000 00824nam a2200229 a 4500
001 000008407
005 20200929161334.0
008 090916s2002 dr 000 0 spa d
040 _aDO-SdBNP
082 _a305.235
_bC216q
100 1 _aCandelario Veras, Carlos
_922663
245 1 0 _aQué linda es la juventud ... ¡aprovéchala! /
_cCarlos Candelario Veras ; prólogo Antero Roberto Guzmán Pichardo ; Amable Solís de los Santos.
250 _a2a ed.
260 _aSanto Domingo
_fYan Impresos
_c2002.
300 _a84 p. ;
_c21 cm.
504 _aIncluye bibliografías (p. 84).
650 4 _aJovenes
_xConduta de vida
_922664
650 4 _aJovenes
_xCondiciones sociales
_91113
700 1 _aGuzmán Pichardo, Antero Roberto,
_epról.
_922665
700 1 _aSolís de los Santos, Amable,
_ecorr.
_922666
049 _aBNPD
999 _c8178
_d8178